Jersey Number Quiz FC Magdeburg - Statistiken

Allgemein
  • Dieses Quiz wurde 36 mal gespielt
  • Das Durchschnittsergebnis liegt bei 19 aus 32
Antwortstatistiken
Number Nation Position Antwort % Korrekt
1 Germany TW Reimann
96%
23 Türkiye ANG Atik
88%
16 Denmark ABW Mathisen
88%
5 Germany ABW Müller
88%
37 Japan ANG Ito
85%
15 Germany ABW Heber
81%
3 Kosovo ABW Hoti
77%
11 Marocco MID/ABW El-Hankouri
73%
25 Ivory Coast MID Gnaka
73%
9 Netherlands ANG Kaars
73%
30 Germany TW Kruth
73%
10 Germany ANG Ceka
69%
24 France ABW Hugonet
69%
17 Germany ANG Nolle
69%
7 Uganda ABW/MID Bockhorn
65%
13 Germany MID Krempicki
58%
29 Türkiye ANG Burcu
54%
4 Luxemborg ABW Dzogovic
54%
40 Germany TW Kampa
54%
2 France ABW Loric
54%
19 Zambia ABW/MID Musonda
54%
14 Germany MID El-Zein
46%
20 England ANG Amaechi
42%
27 Germany MID Hercher
38%
21 Germany MID Michel
38%
8 Cape Verde ANG Teixeira
38%
18 Germany ANG Kuhinja
35%
26 Montenegro ANG Marusic
35%
22 Germany ABW Nadjombe
31%
35 Germany ABW Andre Jürgen
23%
34 Germany ABW Chahed
23%
31 Germany MID Leipertz
8%
Keine übereinstimmenden Quizze gefunden
Verteilung der Resultate
Anzahl Personen mit jedem Resultat
Perzentil nach korrekt beantworteten Fragen
Ihre Resultats-Entwicklung
Sie haben dieses Quiz noch nicht gespielt